ბათუმის შოთა რუსთაველის სახელმწიფო უნივერსიტეტის ბიბლიოთეკა

100 electronic projects : (ბიბ.ჩანაწერი № 58757)

000 -LEADER
fixed length control field 00626nam a22001817a 4500
005 - DATE AND TIME OF LATEST TRANSACTION
control field 20220714165828.0
008 - FIXED-LENGTH DATA ELEMENTS--GENERAL INFORMATION
fixed length control field 220714s2021en xxu||||| |||| 00| 0 eng d
020 ## - INTERNATIONAL STANDARD BOOK NUMBER
International Standard Book Number 9798471811935
041 ## - LANGUAGE CODE
Language code of text/sound track or separate title eng
080 ## - UNIVERSAL DECIMAL CLASSIFICATION NUMBER
Universal Decimal Classification number 537 A-27
245 ## - TITLE STATEMENT
Title 100 electronic projects :
Remainder of title Using Breadboard To Build Different Electronic Circuits In The Projects
264 ## - PRODUCTION, PUBLICATION, DISTRIBUTION, MANUFACTURE, AND COPYRIGHT NOTICE
Place of production, publication, distribution, manufacture Torrazza:
Name of producer, publisher, distributor, manufacturer Logistica,
Date of production, publication, distribution, manufacture, or copyright notice [2021].
300 ## - PHYSICAL DESCRIPTION
Extent pages .:
Other physical details illustrations,
Dimensions 23 cm.
653 ## - INDEX TERM--UNCONTROLLED
keyword 100 electronic projects
653 ## - INDEX TERM--UNCONTROLLED
keyword 100 ელექტრონული მინი პროექტი
653 ## - INDEX TERM--UNCONTROLLED
keyword ელექტროობა
942 ## - ADDED ENTRY ELEMENTS (KOHA)
Source of classification or shelving scheme
Koha item type წიგნი
ეგზემპლარები
Withdrawn status Lost status Source of classification or shelving scheme Damaged status Not for loan Permanent Location Current Location Shelving location Date acquired Cost, normal purchase price Full call number Barcode Date last seen Copy number Price effective from Koha item type Public note
          ბათუმის შოთა რუსთაველის სახელმწიფო უნივერსიტეტის მთავარი ბიბლიოთეკა ბათუმის შოთა რუსთაველის სახელმწიფო უნივერსიტეტის მთავარი ბიბლიოთეკა წიგნსაცავი 2022-07-14 84.00 537 A-27 62991 2022-07-14 62991 2022-07-14 წიგნი 84gel.